Environment and science: social impact and interaction (Record no. 4812)

MARC details
000 -LEADER
fixed length control field 00605nam a2200229Ia 4500
020 ## - INTERNATIONAL STANDARD BOOK NUMBER
ISBN 1-57607-963-5
082 ## - DEWEY DECIMAL CLASSIFICATION NUMBER
Classification number 304.28 YOU-E
100 ## - MAIN ENTRY--AUTHOR NAME
Personal name Young, Christian C.
245 #0 - TITLE STATEMENT
Title Environment and science: social impact and interaction
260 ## - PUBLICATION, DISTRIBUTION, ETC. (IMPRINT)
Place of publication California
Name of publisher ABC-CLIO
Year of publication 2005
300 ## - PHYSICAL DESCRIPTION
Number of Pages xv, 299
440 ## - SERIES STATEMENT/ADDED ENTRY--TITLE
Title Science and society
504 ## - BIBLIOGRAPHY, ETC. NOTE
Bibliography, etc includes index
650 ## - SUBJECT ADDED ENTRY--TOPICAL TERM
Topical Term Environmental Sciences
650 ## - SUBJECT ADDED ENTRY--TOPICAL TERM
Topical Term Ecology
650 ## - SUBJECT ADDED ENTRY--TOPICAL TERM
Topical Term Science
Form subdivision Social aspects
650 ## - SUBJECT ADDED ENTRY--TOPICAL TERM
Topical Term Natural history
650 ## - SUBJECT ADDED ENTRY--TOPICAL TERM
Topical Term Nature and Nurture
650 ## - SUBJECT ADDED ENTRY--TOPICAL TERM
Topical Term Human Ecology
700 ## - ADDED ENTRY--PERSONAL NAME
Personal name Largent, Mark A.
942 ## - ADDED ENTRY ELEMENTS (KOHA)
Koha item type Books
Holdings
Withdrawn status Lost status Damaged status Not for loan Home library Current library Date acquired Source of acquisition Bill Date Full call number Accession Number Price effective from Koha item type
        NASSDOC Library NASSDOC Library 21/03/2006 OP 2006-03-06 304.28 YOU-E 41553 18/04/2019 Books